000 00476nam a2200169Ia 4500
005 20250508161907.0
008 008 250505s9999 xx 000 0 eng d
037 _aTextual
040 _aFEDL
_beng
_cFEDL
041 _aeng
_2eng
084 _a943, ARN
_qFEDL
100 _aArnold Karl-Heinz
_9771749
245 0 _aPolicies which put people first: Life and social welfare in the GDR
300 _a95p
942 _cTEXL
_h943, ARN
999 _c1373019
_d1373019